Hall of mirrors (Record no. 76083)

MARC details
000 -LEADER
fixed length control field 00573nam a2200145 a 4500
008 - FIXED-LENGTH DATA ELEMENTS--GENERAL INFORMATION
fixed length control field 120416s1967 ||||||||||||||||| || u
050 ## - LIBRARY OF CONGRESS CALL NUMBER
Classification number PR 6073.I4H3
100 ## - MAIN ENTRY--PERSONAL NAME
Personal name Wilson, John Rowan
245 10 - TITLE STATEMENT
Title Hall of mirrors
260 ## - PUBLICATION, DISTRIBUTION, ETC.
Place of publication, distribution, etc. London
Name of publisher, distributor, etc. Reprint Society
Date of publication, distribution, etc. 1967
300 ## - PHYSICAL DESCRIPTION
Extent 317p.
350 ## -
-- 0.00
995 ## -
-- FICTION Collection
-- 0.00
-- 710760
-- CBU-MAIN LIBRARY (Kitwe)
-- 2
-- 1.00
-- PR 6073.I4H3
-- 2
-- AVAILABLE
-- 010526
-- Fiction Collection
995 ## -
-- FICTION Collection
-- 0.00
-- 710783
-- CBU-MAIN LIBRARY (Kitwe)
-- 1
-- 1.00
-- PR 6073.I4H3
-- 1
-- AVAILABLE
-- 010525
-- Fiction Collection
999 ## -
-- 76083
-- 76083
Holdings
Withdrawn status Lost status Source of classification or shelving scheme Damaged status Not for loan Permanent Location Current Location Shelving location Date acquired Total Checkouts Full call number Barcode Date last seen Copy number Price effective from Koha item type
          CBU-MAIN LIBRARY, KITWE. CBU-MAIN LIBRARY, KITWE.   04/25/2023   PR 6073.I4H3 010526 04/25/2023 1 04/25/2023 FICTON COLLECTON
          CBU-MAIN LIBRARY, KITWE. CBU-MAIN LIBRARY, KITWE.   04/25/2023   PR 6073.I4H3 010525 04/25/2023 2 04/25/2023 FICTON COLLECTON